Southville International School and Colleges
Your cart is empty.
  • Cart
  • Lists
    Public lists Eva Luna New books Lux_list list_1
    Your lists Log in to create your own lists
  • Log in to your account
  • Your cookies
  • Search history
Southville International School and Colleges
  • Advanced search
  • Recent comments
  • Most popular
  • Libraries

Log in to your account

Log in with GOOGLE


If you do not have an external account, but do have a local account, you can still log in:

  1. Home
  2. MARC view: Social dimensions of education /
Normal view MARC view ISBD view

Social dimensions of education / (Record no. 15402)

[ view plain ]
MARC details
000 -LEADER
fixed length control field 01035cam a22003737a 4500
001 - CONTROL NUMBER
control field 15711821
003 - CONTROL NUMBER IDENTIFIER
control field OSt
005 - DATE AND TIME OF LATEST TRANSACTION
control field 20140310182726.0
008 - FIXED-LENGTH DATA ELEMENTS--GENERAL INFORMATION
fixed length control field 090424s2006 ph a b 000 0 eng
010 ## - LIBRARY OF CONGRESS CONTROL NUMBER
LC control number 2009316394
020 ## - INTERNATIONAL STANDARD BOOK NUMBER
International Standard Book Number 9716856996
040 ## - CATALOGING SOURCE
Original cataloging agency DLC
Transcribing agency DLC
042 ## - AUTHENTICATION CODE
Authentication code lcode
050 ## - LIBRARY OF CONGRESS CALL NUMBER
Classification number LB 191
Item number .V422 2009
100 1# - MAIN ENTRY--PERSONAL NAME
Personal name Vega, Violeta A.
245 10 - TITLE STATEMENT
Title Social dimensions of education /
Statement of responsibility, etc Violeta A. Vega, Nelia G. Prieto, Myrna L. Carreon.
246 30 - VARYING FORM OF TITLE
Title proper/short title Dimensions of education
260 ## - PUBLICATION, DISTRIBUTION, ETC. (IMPRINT)
Place of publication, distribution, etc Quezon City, Metro Manila :
Name of publisher, distributor, etc Lorimar Pub.,
Date of publication, distribution, etc 2009.
300 ## - PHYSICAL DESCRIPTION
Extent 112 p. :
Other physical details ill. ;
Dimensions 26 cm.
504 ## - BIBLIOGRAPHY, ETC. NOTE
Bibliography, etc Includes bibliographical references (p. 106-110).
521 ## - TARGET AUDIENCE NOTE
Target audience note
700 1# - ADDED ENTRY--PERSONAL NAME
Personal name Prieto, Nelia G.
700 1# - ADDED ENTRY--PERSONAL NAME
Personal name Carreon, Myrna L.
906 ## - LOCAL DATA ELEMENT F, LDF (RLIN)
a 7
b cbc
c origode
d 4
e ncip
f 20
g y-gencatlg
942 ## - ADDED ENTRY ELEMENTS (KOHA)
Source of classification or shelving scheme Library of Congress Classification
Koha item type Books
Call number prefix Local
Holdings
Withdrawn status Lost status Source of classification or shelving scheme Damaged status Home library Current library Shelving location Date acquired Source of acquisition Total Checkouts Full call number Barcode Date last seen Copy number Price effective from Koha item type Total Renewals Date checked out
    Library of Congress Classification   Archives Archives   11/26/2013 Donation   LB 191 .V422 2009 C12694 05/08/2018 2 11/26/2013 Books    
    Library of Congress Classification   Archives Archives Audio Visual Material Section 11/26/2013 Donation 1 LB 191 .V422 2009 C13444 05/08/2018 4 11/26/2013 Books 10 07/20/2015
    Library of Congress Classification   Archives Archives   11/26/2013 Donation   LB 191 .V422 2009 C13445 05/08/2018 5 11/26/2013 Books    
    Library of Congress Classification   Archives Archives   11/26/2013 Donation   LB 191 .V422 2009 C12695 05/08/2018 6 11/26/2013 Books    
    Library of Congress Classification   Archives Archives   11/26/2013 Donation   LB 191 .V422 2009 C14827 05/08/2018 7 11/26/2013 Books    

Social dimensions of education /

APA

Vega V. A., Prieto N. G. & Carreon M. L. (2009). Social dimensions of education. Quezon City, Metro Manila: Lorimar Pub.

Chicago

Vega Violeta A, Prieto Nelia G and Carreon Myrna L. 2009. Social dimensions of education. Quezon City, Metro Manila: Lorimar Pub.

Harvard

Vega V. A., Prieto N. G. and Carreon M. L. (2009). Social dimensions of education. Quezon City, Metro Manila: Lorimar Pub.

MLA

Vega Violeta A, Prieto Nelia G and Carreon Myrna L. Social dimensions of education. Quezon City, Metro Manila: Lorimar Pub. 2009.

  • Place hold
  • Print
  • Cite
  • Add to your cart (remove)
  • Save record
    BIBTEX Dublin Core MARCXML MARC (non-Unicode/MARC-8) MARC (Unicode/UTF-8) MARC (Unicode/UTF-8, Standard) MODS (XML) RIS
  • More searches
    Search for this title in:
    Other Libraries (WorldCat) Other Databases (Google Scholar) Online Stores (Bookfinder.com) Open Library (openlibrary.org)

Exporting to Dublin Core...

SOUTHVILLE LIBRARY

Southville International School and Colleges Library

1281 Tropical Ave. Cor. Luxembourg St., BF Homes International, Las Pinas City

Tel. No. 8256374 / 252358 Loc. 117/146

Powered by Koha